Sąsiedzi Francji (z mapą) - Statystyki

Ogólne statystyki
  • Ten quiz został rozwiązany 284 razy
  • Średni wynik to 8 z 8
Odpowiedzi na mapie
Odpowiedzi zakodowano w zielono-czerwonej skali na mapie do tego quizu, zgodnie z poniższymi procentami.
 
Statystyki odpowiedzi
Kraj / Państwo % Poprawnych
Hiszpania
100%
Niemcy
99%
Włochy
98%
Belgia
97%
Szwajcaria
94%
Luksemburg
92%
Andora
89%
Monako
85%
Nie znaleziono quizów pasujących do podanych kryteriów
Rozkład punktacji
Procent ludzi z każdym wynikiem
Percentyl według liczby udzielonych odpowiedzi
Twoja historia wyników
Nie rozwiązałeś tego quizu